| 000 | 00711nam a22002057a 4500 | ||
|---|---|---|---|
| 999 |
_c5417 _d5417 |
||
| 003 | AR-CdUCM | ||
| 008 | 190312b ||||| |||| 00| 0 spa d | ||
| 040 |
_aMUNICIPALIDAD PROVINCIAL DEL CUSCO _cBIBLIOTECA MUNICIPAL DEL CUSCO |
||
| 082 |
_a869.44 / _bO15 |
||
| 100 |
_aOcampo Moscoso, Eduardo _916317 |
||
| 245 | _aPersonalidad y obra poetica de don Ricardo Jaimes Freyre / | ||
| 260 |
_aCochabamba : _bEditorial Universitaria, _c1968. |
||
| 300 |
_a93 paginas ; _c17 cm. |
||
| 500 | _aDonación familia Nieto | ||
| 505 | _aContenido :Personalidad y obra poética de don Ricardo Jaimes Freyre / | ||
| 650 |
_aLiteratura poética _93025 |
||
| 650 |
_aBiografía _922 |
||
| 942 |
_2ddc _cLIBROS |
||
| 945 | _arjall | ||